Спасти науку

Bibliographic Details
Main Author: Месяц Г. А. Геннадий Андреевич
Summary:Автор книги - выдающийся российский ученый и организатор науки, академик, вице-президент РАН, основатель таких научных направлений, как сильноточная электроника и импульсная электрофизика больших мощностей. В книгу вошли статьи, выступления и интервью автора, рассказывающие о действиях, предпринятых за последние годы руководством РАН для сохранения науки.Для широкой аудитории читателей - ученых, научной интеллигенции, всех, кто интересуется историей науки.
Language:Russian
Published: Москва, Наука, 2001
Subjects:
Format: MixedMaterials Book
KOHA link:https://koha.lib.tpu.ru/cgi-bin/koha/opac-detail.pl?biblionumber=47406

MARC

LEADER 00000nam0a2200000 4500
001 47406
005 20231031030124.0
010 |a 5020226602 
035 |a (RuTPU)RU\TPU\book\49506 
090 |a 47406 
100 |a 20030206d2001 m y0rusy50 ca 
101 0 |a rus 
102 |a RU 
105 |a aс z 000zd 
200 1 |a Спасти науку  |f Г. А. Месяц 
210 |a Москва  |c Наука  |d 2001 
215 |a 255 с.  |c ил. 
330 |a Автор книги - выдающийся российский ученый и организатор науки, академик, вице-президент РАН, основатель таких научных направлений, как сильноточная электроника и импульсная электрофизика больших мощностей. В книгу вошли статьи, выступления и интервью автора, рассказывающие о действиях, предпринятых за последние годы руководством РАН для сохранения науки.Для широкой аудитории читателей - ученых, научной интеллигенции, всех, кто интересуется историей науки. 
600 1 |a Будкер  |b Г. И.  |c российский физик, академик АН СССР  |g Герш Ицкович  |f 1918-1977  |2 stltpush  |3 (RuTPU)RU\TPU\pers\7863 
600 1 |a Вонсовский  |b С. В.  |g Сергей Васильевич  |f 1910-1998  |c физик-теоретик  |c академик РАН, Герой Социалистического Труда  |2 stltpush  |3 (RuTPU)RU\TPU\pers\7861 
600 1 |a Лаврентьев  |b М. А.  |c академик АН СССР  |g Михаил Алексеевич  |c российский математик  |c механик  |f 1900 - 1980  |2 stltpush  |3 (RuTPU)RU\TPU\pers\7865 
600 1 |a Крейндель  |b Ю. Е.  |c российский ученый  |g Юлий Ефимович  |c физик  |2 stltpush  |3 (RuTPU)RU\TPU\pers\7864 
600 1 |a Зельдович  |g Яков Борисович  |c российский физик-ядерщик  |c астрофизик  |f 1914 - 1987  |b Я. Б.  |2 stltpui  |3 (RuTPU)RU\TPU\pers\1085 
600 1 |a Коптюг  |b В. А.  |c российский химик-органик  |g Валентин Афанасьевич  |c академик РАН  |f 1931 - 1997  |2 stltpush  |3 (RuTPU)RU\TPU\pers\7862 
600 1 |a Сена  |b Л. А.  |c российский физик, доктор физико-математических наук, профессор  |g Лев Аронович  |c Лейб Иегуда бен Аарон Зелик Сена  |f 1907-1996  |2 stltpush  |3 (RuTPU)RU\TPU\pers\7866 
600 1 |a Александров  |b А. П.  |f 1903 - 1994  |g Анатолий Петрович  |c российский физик  |c академик Российской академии наук  |2 stltpush  |3 (RuTPU)RU\TPU\pers\4117 
600 1 |a Воробьев  |b А. А.  |c российский физик  |f 1909-1981  |g Александр Акимович  |c ректор Томского политехнического института  |y Томск  |2 stltpush  |3 (RuTPU)RU\TPU\pers\12805 
610 1 |a наука 
610 1 |a история 
610 1 |a СССР 
610 1 |a Россия 
610 1 |a Урал 
610 1 |a ученые 
610 1 |a персоналии 
610 1 |a труды учёных ТПУ 
686 |a Ч21(2)  |v LBC/SL-A  |2 rubbk 
700 1 |a Месяц  |b Г. А.  |c российский физик  |c академик, вице-президент РАН  |c выпускник Томского политехнического института  |f 1936-  |g Геннадий Андреевич  |2 stltpush  |3 (RuTPU)RU\TPU\pers\17099 
801 1 |a RU  |b 63413507  |c 20030206  |g PSBO 
801 2 |a RU  |b 63413507  |c 20161206  |g PSBO 
942 |c BK